Vista normal
Vista MARC
Entrada Topical Term
Número de registros utilizados en: 1
001 - CONTROL NUMBER
- control field: 37916
003 - CONTROL NUMBER IDENTIFIER
- control field: OSt
005 - DATE AND TIME OF LATEST TRANSACTION
- control field: 20210526114336.0
008 - FIXED-LENGTH DATA ELEMENTS
- fixed length control field: 210526|| aca||aabn | a|a d
040 ## - CATALOGING SOURCE
- Original cataloging agency: OSt
- Transcribing agency: OSt
150 ## - HEADING--TOPICAL TERM
- Topical term or geographic name entry element: Empleo
- General subdivision: Sector informal
670 ## - SOURCE DATA FOUND
- Source citation: Work cat.: (OSt)11812: Perry, Guillermo, autor 7172, Informalidad : , 2008.